| 000 | 00655nam a22002057a 4500 | ||
|---|---|---|---|
| 003 | KOHA_MİRAKIL | ||
| 005 | 20260323102742.0 | ||
| 008 | 260323b tu ||||| |||| 00| 0 tur d | ||
| 020 | _a9786053328544 | ||
| 040 |
_aTR-AnABB _btur _cTR-AnABB |
||
| 041 | _atur | ||
| 082 |
_a943.0874092 _bMOC 2016 |
||
| 100 | 1 | _aMockelmann, Reiner | |
| 245 | 1 | 0 |
_aİkinci vatan Türkiye : _bErnst Reuter'in Ankara yılları / _cReiner Möckelmann ; çeviren: Ahmet Arpad |
| 260 |
_aİstanbul : _bTürkiye İş Bankası , _c2016 |
||
| 300 |
_a446 sayfa ; _c20 cm |
||
| 500 | _aÇevirmen imzalı. | ||
| 650 | 0 | 4 | _aBiyografi, Reuter, Ernst |
| 942 |
_2ddc _cBK |
||
| 999 |
_c9990 _d9990 |
||
| 900 | _bCan ÇELIK | ||